000
00266nam a2200109Ia 4500
008
240625s9999 xx 000 0 und d
041
_a
eng
082
_a
658.1 GAU
100
_a
GAUGHAN PATRICK A
245
_a
MERGERS ACQUISITIONS AND CORPORATE RESTR
260
_c
2014
999
_c
40199
_d
40199